Logo Biblioteca

Los invictos / (Registro nro. 1010)

Detalles MARC
000 -LEADER
fixed length control field 01053nam a22002417a 4500
003 - CONTROL NUMBER IDENTIFIER
control field AR-RoUNCS
005 - DATE AND TIME OF LATEST TRANSACTION
control field 20260511154320.0
007 - PHYSICAL DESCRIPTION FIXED FIELD--GENERAL INFORMATION
fixed length control field ta
008 - FIXED-LENGTH DATA ELEMENTS--GENERAL INFORMATION
fixed length control field 260511s1981 sp |||||r|||| 00| 1 spa d
020 ## - INTERNATIONAL STANDARD BOOK NUMBER
International Standard Book Number 8402076998
040 ## - CATALOGING SOURCE
Original cataloging agency AR-RoUNCS
Language of cataloging spa
Transcribing agency AR-RoUNCS
041 1# - LANGUAGE CODE
Language code of text/sound track or separate title spa
Language code of original eng
100 1# - MAIN ENTRY--PERSONAL NAME
Personal name Faulkner, William,
Dates associated with a name 1897-1962
Relator term autor
245 14 - TITLE STATEMENT
Title Los invictos /
Statement of responsibility, etc. William Faulkner.
250 ## - EDITION STATEMENT
Edition statement 1a ed.
260 ## - PUBLICATION, DISTRIBUTION, ETC.
Place of publication, distribution, etc. Barcelona :
Name of publisher, distributor, etc. Bruguera,
Date of publication, distribution, etc. 1981.
300 ## - PHYSICAL DESCRIPTION
Extent 241 p. ;
Dimensions 18 cm.
490 0# - SERIES STATEMENT
Series statement Colección de Literatura Universal Bruguera ;
Volume/sequential designation 57
520 ## - SUMMARY, ETC.
Summary, etc. En Los invictos Faulkner recupera a la familia Sartoris que ya había aparecido en su novela de ese mismo título. Las siete historias que conforman la novela están narradas por Bayard Sartoris, un muchacho del condado Yoknapatawpha, que cuenta, desde un futuro próximo a los hechos, las circunstancias que ha visto y vivido durante la Guerra de Secesión y la inmediata posguerra.<br/><br/>
650 #7 - SUBJECT ADDED ENTRY--TOPICAL TERM
Source of heading or term embne
Topical term or geographic name entry element Literatura norteamericana
655 #7 - INDEX TERM--GENRE/FORM
Source of term embne
Genre/form data or focus term Novelas
942 ## - ADDED ENTRY ELEMENTS (KOHA)
Source of classification or shelving scheme Universal Decimal Classification
Koha item type Obra General
Suppress in OPAC No
Existencias
Withdrawn status Lost status Source of classification or shelving scheme Damaged status Not for loan Collection Home library Current library Date acquired Total checkouts Full call number Barcode Date last seen Price effective from Koha item type
    Universal Decimal Classification     Colección General Biblioteca Escuela de Ciencias Sociales Biblioteca Escuela de Ciencias Sociales 11/05/2026   82-31(73) F263 000967 11/05/2026 11/05/2026 Obra General
Biblioteca de la Escuela Preuniversitaria en Ciencias Sociales y Humanísticas.
Riobamba 250 bis.
CP 2000 - Rosario - Santa Fe
E-Mail: biblioteca@esociales.unr.edu.ar